书目信息 |
| 题名: |
世博会——国际经验与运作
|
|
| 作者: | 谢工曲 , 杨豪中 , 吴采薇 编著 | |
| 分册: | ||
| 出版信息: | 北京 中国建筑工业出版社 2008.12 |
|
| 页数: | 195页 | |
| 开本: | 26cm | |
| 丛书名: | ||
| 单 册: | ||
| 中图分类: | G245 | |
| 科图分类: | ||
| 主题词: | 博览会--bo lan hui--经验--世界 | |
| 电子资源: | ||
| ISBN: | 978-7-112-10151-1 | |
| 000 | 01093nam0 2200265 450 | |
| 001 | 012009459297 | |
| 005 | 20240326111346.51 | |
| 010 | @a978-7-112-10151-1@dCNY32.00 | |
| 100 | @a20091006d2008 em y0chiy0120 ea | |
| 101 | 0 | @achi@aeng |
| 102 | @aCN@b110000 | |
| 105 | @aa a 000yy | |
| 200 | 1 | @a世博会——国际经验与运作@Ashi bo hui——guo ji jing yan yu yun zuo@d= World's fairs: international experience and operation@f谢工曲, 杨豪中, 吴采薇编著@Fxie gong qu,yang hao zhong,wu cai wei bian zhu@zeng |
| 210 | @a北京@c中国建筑工业出版社@d2008.12 | |
| 215 | @a195页@c图@d26cm | |
| 320 | @a有书目 (第194-195页) | |
| 330 | @a本书以世博会的主题构思和设计策划为主线,内容涉及博览会的规划设计、宣传策划、经营运作、场馆改造利用等诸多方面。 | |
| 510 | 1 | @a=World's fairs: international experience and operation@zeng |
| 606 | 0 | @a博览会@Abo lan hui@x经验@y世界 |
| 690 | @aG245@v4 | |
| 701 | 0 | @a谢工曲@Axie gong qu@4编著 |
| 701 | 0 | @a杨豪中@Ayang hao zhong@4编著 |
| 701 | 0 | @a吴采薇@Awu cai wei@4编著 |
| 801 | 0 | @aCN@b河南城建学院图书馆@c20091006 |
| 905 | @b760398-402@dG245@eX435@f5 | |
| 世博会——国际经验与运作= World's fairs: international experience and operation/谢工曲, 杨豪中, 吴采薇编著.-北京:中国建筑工业出版社,2008.12 |
| 195页:图;26cm |
| ISBN 978-7-112-10151-1:CNY32.00 |
| 本书以世博会的主题构思和设计策划为主线,内容涉及博览会的规划设计、宣传策划、经营运作、场馆改造利用等诸多方面。 |
| ● |
| 相关链接 |
|
|
|
正题名:世博会——国际经验与运作
索取号:G245/X435
 
预约/预借
| 序号 | 登录号 | 条形码 | 馆藏地/架位号 | 状态 | 备注 |
| 1 | 1232399 | 212323993 | 社科库409/409社科库 58排6列2层/ [索取号:G245/X435] | 在馆 | |
| 2 | 1232400 | 212324000 | 社科库409/409社科库 58排6列2层/ [索取号:G245/X435] | 在馆 | |
| 3 | 1232401 | 212324019 | 社科库409/409社科库 58排6列2层/ [索取号:G245/X435] | 在馆 | |
| 4 | 1232402 | 212324028 | 社科库409/409社科库 58排6列2层/ [索取号:G245/X435] | 在馆 | |
| 5 | 1232403 | 212324037 | 社科库409/409社科库 58排6列2层/ [索取号:G245/X435] | 在馆 | |
| 6 | 1549058 | 215490582 | 社科库409/409社科库 58排6列2层/ [索取号:G245/X435] | 在馆 | |
| 7 | 1549059 | 215490591 | 社科库409/409社科库 58排6列2层/ [索取号:G245/X435] | 在馆 | |
| 8 | 1549060 | 215490608 | 社科库409/409社科库 58排6列2层/ [索取号:G245/X435] | 在馆 | |
| 9 | 1549061 | 215490617 | 社科库409/409社科库 58排6列2层/ [索取号:G245/X435] | 在馆 | |
| 10 | 1549062 | 215490626 | 社科库409/409社科库 58排6列2层/ [索取号:G245/X435] | 在馆 | |
| 11 | 760398 | 207603985 | 社科库409/309社科库 86排1列4层/ [索取号:G245/X435] | 在馆 | |
| 12 | 760399 | 207603994 | 社科库409/409社科库 58排6列2层/ [索取号:G245/X435] | 在馆 | |
| 13 | 760400 | 207604001 | 社科库409/409社科库 58排6列2层/ [索取号:G245/X435] | 在馆 | |
| 14 | 760401 | 207604010 | 社科库409/409社科库 58排6列2层/ [索取号:G245/X435] | 在馆 | |
| 15 | 760402 | 207604029 | 社科库409/309社科库 86排1列4层/ [索取号:G245/X435] | 在馆 |